| 000 | 00465nam a2200181Ia 4500 | ||
|---|---|---|---|
| 008 | 221030s9999 xx 000 0 und d | ||
| 020 | _a0070589372 | ||
| 041 | _aEnglish | ||
| 082 |
_a105.23 _bKru |
||
| 100 | _aH. Kruglak | ||
| 245 | 0 |
_aSchaum`s Outlines of Theory & Problems of Basic Mathematics _cby H. Kruglak, J.T. Moore |
|
| 250 | _a2nd | ||
| 260 |
_bTMH _aDelhi _c2006 |
||
| 300 | _a488 | ||
| 650 | _aBE Mathematics | ||
| 700 | _aJ.T. Moore | ||
| 942 | _cBK | ||
| 999 |
_c3423 _d3423 |
||